[Event "BCF-chT3 1011 (4NCL)"]
[Site "England"]
[Date "2011.02.19"]
[Round "5.32"]
[White "Headlong, Fenella"]
[Black "Rawlinson, Christopher JA"]
[Result "0-1"]
[WhiteElo "1946"]
[BlackElo "2055"]
[PlyCount "72"]
[EventDate "2010.11.06"]
[EventType "team-swiss"]
[EventRounds "9"]
[EventCountry "ENG"]
[SourceTitle "EXT 2012"]
[Source "ChessBase"]
[SourceDate "2011.11.24"]
[SourceVersion "1"]
[SourceVersionDate "2011.11.24"]
[SourceQuality "1"]
[WhiteTeam "Brown Jack"]
[BlackTeam "Oxford II"]
[WhiteTeamCountry "ENG"]
[BlackTeamCountry "ENG"]

1. e4 e6 2. d4 d5 3. e5 c5 4. c3 Nc6 5. Nf3 Qb6 6. Be2 cxd4 7. cxd4 Nge7 8. Na3 Nf5 9. Nc2 Bd7 10. g4 Nfe7 11. Rb1 h5 12. gxh5 Nf5 13. a3 a5 14. h6 gxh6 15. Rg1 a4 16. Be3 Na5 17. Nd2 Be7 18. Bh5 Bb5 19. b4 axb3 20. Nxb3 Nxe3 21. Nxe3 Nxb3 22. Rxb3 Rxa3 23. Rb1 Ra1 24. Be2 Bb4+ 25. Kf1 Bxe2+ 26. Kxe2 Rxb1 27. Qxb1 Qxd4 28. Rd1 Qb6 29. Rd3 Bc5 30. Rb3 Qa6+ 31. Kd1 b6 32. Rb5 Bxe3 33. fxe3 Rg8 34. Kc2 Rg2+ 35. Kc3 Rxh2 36. Rxb6 Qc4# 0-1

[Event "BCF-chT3 0910 (4NCL)"]
[Site "England"]
[Date "2010.05.03"]
[Round "11.5"]
[White "Rawlinson, Christopher JA"]
[Black "Donaghay, Richard H"]
[Result "1-0"]
[WhiteElo "2048"]
[BlackElo "1975"]
[PlyCount "51"]
[EventDate "2009.10.24"]
[EventType "team-tourn"]
[EventRounds "11"]
[EventCountry "ENG"]
[SourceTitle "EXT 2011"]
[Source "ChessBase"]
[SourceDate "2010.11.26"]
[SourceVersion "1"]
[SourceVersionDate "2010.11.26"]
[SourceQuality "1"]
[WhiteTeam "Oxford II"]
[BlackTeam "Iceni"]
[WhiteTeamCountry "ENG"]
[BlackTeamCountry "ENG"]

1. e4 d5 2. exd5 Nf6 3. Bb5+ Bd7 4. Bc4 Bg4 5. f3 Bc8 6. Nc3 Nbd7 7. Nge2 Nb6 8. Bb3 a5 9. a4 Nbxd5 10. Ne4 e5 11. d4 Nxe4 12. fxe4 Qh4+ 13. Ng3 Bg4 14. Qd3 Nf4 15. Qb5+ Kd8 16. 0-0 Ra6 17. Bxf4 exf4 18. Rxf4 Rh6 19. Nf1 Bd6 20. e5 Qg5 21. Rxf7 Bh3 22. Qxb7 Rg6 23. Qa8+ Bc8 24. exd6 Rxd6 25. Re1 Ra6 26. Qb8 1-0

[Event "BCF-chT3 0910 (4NCL)"]
[Site "England"]
[Date "2010.05.01"]
[Round "9.3"]
[White "Rawlinson, Christopher JA"]
[Black "Adams, Mark"]
[Result "0-1"]
[WhiteElo "2048"]
[BlackElo "2026"]
[PlyCount "46"]
[EventDate "2009.10.24"]
[EventType "team-tourn"]
[EventRounds "11"]
[EventCountry "ENG"]
[SourceTitle "EXT 2011"]
[Source "ChessBase"]
[SourceDate "2010.11.26"]
[SourceVersion "1"]
[SourceVersionDate "2010.11.26"]
[SourceQuality "1"]
[WhiteTeam "Oxford II"]
[BlackTeam "The Full Ponty"]
[WhiteTeamCountry "ENG"]
[BlackTeamCountry "ENG"]

1. e4 c5 2. Nc3 a6 3. g3 b5 4. Bg2 Bb7 5. d3 e6 6. f4 d5 7. e5 h5 8. Nf3 Nh6 9. 0-0 Nc6 10. Ng5 Nf5 11. Bh3 g6 12. Qe1 Ncd4 13. Rf2 c4 14. dxc4 Bc5 15. Kh1 bxc4 16. Na4 Ba7 17. Bg2 h4 18. gxh4 Nxh4 19. Be3 Nxg2 20. Rxg2 Nxc2 21. Rxc2 Bxe3 22. Ne4 d4 23. Nac5 Bxe4+ 0-1

[Event "BCF-chT3 0910 (4NCL)"]
[Site "England"]
[Date "2010.01.17"]
[Round "4.4"]
[White "Stewart, Joseph"]
[Black "Rawlinson, Christopher JA"]
[Result "1/2-1/2"]
[WhiteElo "1994"]
[BlackElo "2048"]
[PlyCount "44"]
[EventDate "2009.10.24"]
[EventType "team-tourn"]
[EventRounds "11"]
[EventCountry "ENG"]
[SourceTitle "EXT 2011"]
[Source "ChessBase"]
[SourceDate "2010.11.26"]
[SourceVersion "1"]
[SourceVersionDate "2010.11.26"]
[SourceQuality "1"]
[WhiteTeam "Bristol II"]
[BlackTeam "Oxford II"]
[WhiteTeamCountry "ENG"]
[BlackTeamCountry "ENG"]

1. e4 e6 2. d4 d5 3. exd5 exd5 4. Bd3 c5 5. dxc5 Bxc5 6. Nf3 Nf6 7. Qe2+ Be6 8. Be3 Bxe3 9. Qxe3 0-0 10. 0-0 Nc6 11. Nbd2 Qd6 12. Nb3 Rac8 13. c3 Rfe8 14. Qg5 Bg4 15. Nbd4 Bxf3 16. Nxf3 Ne5 17. Nxe5 Rxe5 18. Qg3 Qe6 19. Rad1 Ne4 20. Bxe4 dxe4 21. Rfe1 h6 22. a3 b6 1/2-1/2

[Event "BCF-chT3 0809 (4NCL)"]
[Site "Hinckley Island"]
[Date "2009.03.22"]
[Round "8.5"]
[White "Shaw, Dashiell"]
[Black "Rawlinson, Christopher JA"]
[Result "1-0"]
[WhiteElo "1940"]
[BlackElo "2047"]
[PlyCount "65"]
[EventDate "2008.10.18"]
[EventType "team-swiss"]
[EventRounds "11"]
[EventCountry "ENG"]
[SourceTitle "EXT 2010"]
[Source "ChessBase"]
[SourceDate "2010.11.25"]
[SourceVersion "1"]
[SourceVersionDate "2010.11.25"]
[SourceQuality "1"]
[WhiteTeam "Hilsmark Coventry"]
[BlackTeam "Oxford II"]
[WhiteTeamCountry "ENG"]
[BlackTeamCountry "ENG"]

1. e4 e6 2. d4 d5 3. Nd2 Nf6 4. e5 Nfd7 5. Bd3 c5 6. c3 Nc6 7. Ne2 cxd4 8. cxd4 f6 9. exf6 Nxf6 10. Nf3 Bd6 11. 0-0 0-0 12. Bf4 Ng4 13. Bg3 e5 14. dxe5 Ngxe5 15. Nxe5 Bxe5 16. Qb3 Qf6 17. Bxe5 Nxe5 18. Be4 Kh8 19. Bxd5 Bf5 20. Rad1 Rad8 21. Ng3 Bc8 22. Ne4 Qe7 23. Qg3 Rf5 24. Bb3 Rdf8 25. Rde1 b6 26. Bc2 Ba6 27. Nc3 Rg5 28. Qh3 h6 29. f4 Rxf4 30. Rxf4 Nf3+ 31. Qxf3 Qxe1+ 32. Qf1 Bxf1 33. Rf8# 1-0

[Event "BCF-chT3 0809 (4NCL)"]
[Site "Hinckley Island"]
[Date "2008.12.07"]
[Round "4.5"]
[White "Stepanyan, Henrik"]
[Black "Rawlinson, Christopher JA"]
[Result "1-0"]
[WhiteElo "1975"]
[BlackElo "2047"]
[PlyCount "49"]
[EventDate "2008.10.18"]
[EventType "team-swiss"]
[EventRounds "11"]
[EventCountry "ENG"]
[SourceTitle "EXT 2010"]
[Source "ChessBase"]
[SourceDate "2010.11.25"]
[SourceVersion "1"]
[SourceVersionDate "2010.11.25"]
[SourceQuality "1"]
[WhiteTeam "Warwicks Select II"]
[BlackTeam "Oxford II"]
[WhiteTeamCountry "ENG"]
[BlackTeamCountry "ENG"]

1. c4 e6 2. Nc3 f5 3. d4 b6 4. e4 fxe4 5. Nxe4 Bb7 6. Nc3 Nf6 7. Nf3 Bb4 8. Be2 0-0 9. 0-0 d6 10. Ng5 Re8 11. Bg4 Nxg4 12. Qxg4 Bxc3 13. bxc3 e5 14. Qf5 Qf6 15. Qxh7+ Kf8 16. d5 Nd7 17. Qh3 Ke7 18. Ne6 Qf7 19. Bg5+ Nf6 20. Nxg7 Rg8 21. Nf5+ Ke8 22. Nh6 Bc8 23. Qh4 Qg7 24. Nxg8 Nxg8 25. f4 1-0

[Event "BCF-chT4 0607 (4NCL)"]
[Site "Sunningdale"]
[Date "2007.03.25"]
[Round "8.64"]
[White "Coates, David H"]
[Black "Rawlinson, Christopher JA"]
[Result "1/2-1/2"]
[WhiteElo "2055"]
[BlackElo "2053"]
[PlyCount "34"]
[EventDate "2006.09.16"]
[EventType "team"]
[EventRounds "11"]
[EventCountry "ENG"]
[SourceTitle "EXT 2008"]
[Source "ChessBase"]
[SourceDate "2007.11.25"]
[SourceVersion "1"]
[SourceVersionDate "2007.11.25"]
[SourceQuality "1"]
[WhiteTeam "Pandoras Box"]
[BlackTeam "Oxford II"]
[WhiteTeamCountry "ENG"]
[BlackTeamCountry "ENG"]

1. e4 e6 2. d4 d5 3. e5 c5 4. c3 Nc6 5. Nf3 Qb6 6. a3 c4 7. Nbd2 f6 8. Be2 fxe5 9. Nxe5 Nxe5 10. dxe5 Bc5 11. 0-0 Ne7 12. b4 cxb3 13. Nxb3 Nc6 14. Bf4 0-0 15. Bg3 Be7 16. Bd3 Bd8 17. Qh5 g6 1/2-1/2

[Event "Varsity Oxbridge m 125th"]
[Site "London"]
[Date "2007.03.10"]
[Round "1.7"]
[White "Rawlinson, Christopher JA"]
[Black "Werner, Andreas"]
[Result "1/2-1/2"]
[WhiteElo "2053"]
[BlackElo "2074"]
[PlyCount "91"]
[EventDate "2007.03.10"]
[EventType "team"]
[EventRounds "1"]
[EventCountry "ENG"]
[SourceTitle "CBM 117 Extra"]
[Source "ChessBase"]
[SourceDate "2007.05.09"]
[SourceVersion "1"]
[SourceVersionDate "2007.05.09"]
[SourceQuality "1"]

1. e4 d6 2. d4 Nf6 3. Nc3 c6 4. Bg5 Qb6 5. Rb1 Nbd7 6. Nf3 g6 7. Bc4 Bg7 8. 0-0 Qc7 9. Re1 e5 10. b4 0-0 11. Qd2 Nb6 12. Bb3 Bg4 13. Re3 h6 14. Bxf6 Bxf6 15. d5 Kg7 16. Rd3 Be7 17. h3 Bxf3 18. Rxf3 c5 19. bxc5 Qxc5 20. Na4 Nxa4 21. Bxa4 Bg5 22. Qc3 b6 23. Qxc5 dxc5 24. Bc6 Rac8 25. a4 Bd2 26. c3 Bg5 27. a5 Bd8 28. axb6 Bxb6 29. c4 Rfd8 30. Rfb3 Rb8 31. f4 f6 32. fxe5 fxe5 33. Ra1 Kf6 34. Rf3+ Kg7 35. Rfa3 a5 36. Rxa5 Bxa5 37. Rxa5 Rb1+ 38. Kh2 Re1 39. Rxc5 Rd6 40. Ra5 Rf6 41. Ra7+ Kf8 42. Ra8+ Kg7 43. c5 Re2 44. Bb5 Rc2 45. d6 Rff2 46. Bf1 1/2-1/2

[Event "BCF-chT4 0506 (4NCL)"]
[Site "West Bromwich"]
[Date "2006.05.28"]
[Round "10.4"]
[White "Lunn, Timothy"]
[Black "Rawlinson, Christopher JA"]
[Result "1-0"]
[WhiteElo "2070"]
[BlackElo "2055"]
[PlyCount "45"]
[EventDate "2005.11.05"]
[EventType "team"]
[EventRounds "11"]
[EventCountry "ENG"]
[SourceTitle "CBM 109 Extra"]
[Source "ChessBase"]
[SourceDate "2006.01.03"]
[SourceVersion "2"]
[SourceVersionDate "2006.01.03"]
[SourceQuality "1"]
[WhiteTeam "The Suffolk Punches"]
[BlackTeam "Oxford II"]
[WhiteTeamCountry "ENG"]
[BlackTeamCountry "ENG"]

1. d4 e6 2. c4 b6 3. e4 Bb4+ 4. Nc3 Ne7 5. Bd3 0-0 6. Nge2 f5 7. 0-0 Bb7 8. f3 fxe4 9. fxe4 d5 10. cxd5 exd5 11. Rxf8+ Qxf8 12. Qb3 Bxc3 13. Nxc3 Qf7 14. exd5 Nc8 15. Qc2 h6 16. Bd2 Nd6 17. Rf1 Qe7 18. Bf4 Nd7 19. Bxd6 Qxd6 20. Qe2 Nf6 21. Ne4 Qb4 22. Nxf6+ gxf6 23. Qe6+ 1-0

[Event "Varsity Oxbridge m 124th"]
[Site "London"]
[Date "2006.03.11"]
[Round "1.6"]
[White "Rawlinson, Christopher JA"]
[Black "Khoo, Teresa"]
[Result "0-1"]
[WhiteElo "2063"]
[BlackElo "2055"]
[PlyCount "82"]
[EventDate "2006.03.11"]
[EventType "team"]
[EventRounds "1"]
[EventCountry "ENG"]
[SourceTitle "CBM 111 Extra"]
[Source "ChessBase"]
[SourceDate "2006.05.09"]
[SourceVersion "1"]
[SourceVersionDate "2006.05.09"]
[SourceQuality "1"]

1. e4 c5 2. Nc3 Nc6 3. g3 g6 4. Bg2 Bg7 5. d3 d6 6. f4 e6 7. Nf3 Nge7 8. 0-0 0-0 9. Ne2 Rb8 10. c3 d5 11. Be3 b6 12. g4 dxe4 13. dxe4 Ba6 14. Re1 Na5 15. Qa4 b5 16. Qc2 Qc7 17. Rad1 Nc4 18. Bf2 b4 19. cxb4 Nxb2 20. Rb1 Nd3 21. Red1 Nxf2 22. Kxf2 Bxe2 23. Kxe2 Qxf4 24. Qxc5 Qxe4+ 25. Kf2 Nd5 26. h3 Rbc8 27. Re1 Qf4 28. Qb5 Rc2+ 29. Re2 Rfc8 30. Rbe1 Rxe2+ 31. Qxe2 Nxb4 32. Kg1 Qg3 33. Rd1 Nd5 34. Qa6 Rc2 35. Ne1 Qe3+ 36. Kh1 Re2 37. Nf3 Qf2 38. Nh4 Re1+ 39. Rxe1 Qxe1+ 40. Bf1 Qxh4 41. Qxa7 Qe1 0-1

[Event "BCF-chT4 0506 (4NCL)"]
[Site "West Bromwich"]
[Date "2005.11.05"]
[Round "1.3"]
[White "Rawlinson, Christopher JA"]
[Black "Evans, Craig"]
[Result "1/2-1/2"]
[WhiteElo "2055"]
[BlackElo "1954"]
[PlyCount "80"]
[EventDate "2005.11.05"]
[EventType "team"]
[EventRounds "11"]
[EventCountry "ENG"]
[SourceTitle "CBM 109 Extra"]
[Source "ChessBase"]
[SourceDate "2006.01.03"]
[SourceVersion "2"]
[SourceVersionDate "2006.01.03"]
[SourceQuality "1"]
[WhiteTeam "Oxford II"]
[BlackTeam "Celtic Tigers"]
[WhiteTeamCountry "ENG"]
[BlackTeamCountry "ENG"]

1. e4 e5 2. Nc3 Nf6 3. Bc4 Nxe4 4. Qh5 Nd6 5. Qxe5+ Qe7 6. Qxe7+ Bxe7 7. Bb3 Nc6 8. Nd5 Bd8 9. Nf3 0-0 10. 0-0 Na5 11. d3 Nxb3 12. axb3 Nf5 13. Bg5 f6 14. Bf4 c6 15. Ne3 Nxe3 16. Bxe3 b6 17. Bf4 Be7 18. Rfe1 Kf7 19. Nd4 g6 20. Ra4 Bb7 21. c4 a6 22. Nc2 d5 23. b4 dxc4 24. dxc4 b5 25. Ra3 Rfe8 26. c5 Rad8 27. Rae3 Bf8 28. Kf1 Rxe3 29. Rxe3 Bc8 30. Ke2 Be6 31. Ra3 Ra8 32. Nd4 Bd5 33. g4 a5 34. Rxa5 Rxa5 35. bxa5 Bxc5 36. Nc2 b4 37. Be3 Bc4+ 38. Kd2 Bxe3+ 39. Nxe3 Bb5 40. Kc2 Ke6 1/2-1/2